Lady Doctors (Record no. 159539)

MARC details
000 -LEADER
fixed length control field 00354nam a2200145Ia 4500
008 - FIXED-LENGTH DATA ELEMENTS--GENERAL INFORMATION
fixed length control field 230519s9999 xx 000 0 und d
020 ## - INTERNATIONAL STANDARD BOOK NUMBER
International Standard Book Number 978-93-90679-05-8
041 ## - LANGUAGE CODE
Language code of text/sound track or separate title eng
082 ## - DEWEY DECIMAL CLASSIFICATION NUMBER
Classification number X/820/RAO/DB0955
100 ## - MAIN ENTRY--PERSONAL NAME
Personal name Rao Kavitha
9 (RLIN) 180564
245 ## - TITLE STATEMENT
Title Lady Doctors
260 ## - PUBLICATION, DISTRIBUTION, ETC. (IMPRINT)
Name of publisher, distributor, etc. Westland
Place of publication, distribution, etc. Chennai
Date of publication, distribution, etc. 2021
300 ## - PHYSICAL DESCRIPTION
Extent 270p
Holdings
Withdrawn status Lost status Damaged status Not for loan Collection code Home library Current library Date acquired Cost, normal purchase price Bill number Total Checkouts Full call number Barcode Date last seen Bill Date Koha item type Original Barcode
          Smt. Bakul Tambat Institute of Nursing Education Smt. Bakul Tambat Institute of Nursing Education 28/03/2022 499.00 54   X 820 RAO DB0955 BTIN-DB-955 19/05/2023 25/03/2022 Donated Book DB0955